00562nam a2200217 a 450000100060000000300080000600500170001400800410003103500190007204000270009104100080011808200220012610000200014824500450016825000120021326000380022530000290026350000180029265000120031070000220032266091BD-RJUL20211209081511.0170314s1957 nyua b 001 0 eng  a(BD-RJUL)66221 aDLCcDLCdBD-RJULbeng aeng 223a580bWIB 19571 aWilson, Carl L 10aBotany /cCarl L Wilson; Walter E Loomis a3rd ed. aNewyork :bHolt, Rinehart,c1957. a573 p. :bill. ;c28 cm. ainclude index 0aBotany. aLoomis, Walter E